[Event "Challenge 3"]
[Site "http://www.queenalice.com/game.php?id=1344341"]
[Date "2015.2.27"]
[Round "-"]
[White "NOUtritobellet"]
[Black "antoniozla"]
[Result "1-0"]
[WhiteElo "1863"]
[BlackElo "1390"]

1. d4 d5 2. Nf3 Nc6 3. Nc3 Bg4 4. e3 a6 5. Be2 e6 6. O-O Bb4 7. Bd2 Nf6 8. Ne5
Nxe5 9. dxe5 Bxe2 10. Qxe2 Bxc3 11. exf6 Bxd2 12. fxg7 Rg8 13. Qxd2 Rxg7 14. Qc3
Rg6 15. f4 f6 16. Rf3 Qe7 17. Qe1 O-O-O 18. Rd1 Rdg8 19. Rd2 e5 20. fxe5 Qxe5
21. Qf2 Rh6 22. Rg3 Rxg3 23. Qxg3 Qxg3 24. hxg3 Rg6 25. Kf2 c6 26. Kf3 Kd7 27.
g4 Ke6 28. Kf4 Rg5 29. Rd3 h5 30. gxh5 Rxh5 31. Rd2 Rh4+ 32. Kf3 Ke5 33. g3 Re4
34. Rh2 d4 35. exd4+ Rxd4 36. Ke3 Rg4 37. Kf3 Rd4 38. c3 Rd3+ 39. Kg4 f5+ 40.
Kh3 f4 41. Re2+ Kf6 42. Kg4 f3 43. Rf2 Ke5 44. Rxf3 Rd2 45. Rf5+ Ke6 46. Rh5
Rxb2 47. Ra5 Rb5 48. Rxb5 cxb5 49. Kf4 a5 50. a3 Kd5 51. g4 Kc4 52. g5 Kd5 53.
Kf5 Kd6 54. Kf6 1-0

[Event "Challenge 4"]
[Site "http://www.queenalice.com/game.php?id=1344342"]
[Date "2015.2.27"]
[Round "-"]
[White "antoniozla"]
[Black "NOUtritobellet"]
[Result "0-1"]
[WhiteElo "1346"]
[BlackElo "1836"]

1. e4 e5 2. Nf3 Nc6 3. Bb5 d6 4. h3 Nf6 5. d3 Bd7 6. Bg5 Be7 7. Nc3 O-O 8. O-O
Nd4 9. Bxd7 Nxf3+ 10. Qxf3 Qxd7 11. Bxf6 Bxf6 12. Nd5 Bd8 13. Qg3 c6 14. Ne3 Kh8
15. f4 Bf6 16. f5 d5 17. Rad1 Qe7 18. exd5 cxd5 19. Nxd5 Qd6 20. c4 b6 21. Rfe1
Rfe8 22. Re4 Rad8 23. Nxf6 Qxf6 24. Rde1 Qxf5 25. R1e3 Rxd3 26. Rxd3 Qxe4 27.
Rd7 Qxc4 28. Rxa7 b5 29. Qf3 f6 30. Qg4 Qc5+ 31. Kh2 Qxa7 0-1

[Event "Challenge 3"]
[Site "http://www.queenalice.com/game.php?id=1345034"]
[Date "2015.3.2"]
[Round "-"]
[White "NOUtritobellet"]
[Black "nuage"]
[Result "0-1"]
[WhiteElo "1888"]
[BlackElo "1516"]

1. g3 d5 2. Bg2 e6 3. Nf3 Bc5 4. d4 Bb6 5. O-O Nf6 6. Bg5 h6 7. Bd2 O-O 8. Nc3
Nc6 9. e3 Ba5 10. Ne5 Nxe5 11. dxe5 Nd7 12. f4 Nc5 13. a3 d4 14. Ne4 Bxd2 15.
Qxd2 Nxe4 16. Bxe4 c6 17. Qxd4 a5 18. Rad1 Qxd4 19. exd4 f5 20. Bg2 Bd7 21. c4
Be8 22. d5 cxd5 23. cxd5 Bb5 24. Rf2 Ba4 25. Rc1 Bb3 26. dxe6 Bxe6 27. Bxb7 Rad8
28. Rfc2 Rb8 29. Rc7 a4 30. R1c2 Rfd8 31. Kf2 Bb3 32. R2c6 Rd2+ 33. Ke3 Rxh2 34.
Rg6 Bf7 35. Ra6 Bb3 36. Rg6 Bf7 37. Ra6 Rxb2 38. Bc6 R2b3+ 39. Kd4 Rxg3 40. Raa7
Rg4 41. Rxf7 Rxf4+ 42. Kc5 Rg4 43. Rxa4 Kxf7 44. Ra7+ Kg6 45. a4 Rg1 46. e6 Re1
47. e7 h5 48. e8=N Rexe8 49. Bxe8+ Rxe8 50. a5 h4 51. a6 h3 52. Rb7 f4 53. a7
Ra8 0-1

[Event "Challenge 3"]
[Site "http://www.queenalice.com/game.php?id=1345697"]
[Date "2015.3.5"]
[Round "-"]
[White "NOUtritobellet"]
[Black "pedroingles"]
[Result "1-0"]
[WhiteElo "1874"]
[BlackElo "1873"]

1. d4 d5 2. Nf3 Nf6 3. e3 Bg4 4. Be2 Nc6 5. O-O e6 6. Nbd2 Bd6 7. c3 O-O 8. Ne1
Bxe2 9. Qxe2 Qe7 10. f4 Rad8 11. Nef3 h6 12. Ne5 Nh7 13. Ndf3 f6 14. Ng6 Qf7 15.
Nxf8 Qxf8 16. Nh4 Qf7 17. Qg4 g5 18. fxg5 hxg5 19. Bd2 Kh8 20. Nf3 Rg8 21. Ne1
f5 22. Qd1 Qg6 23. Qb3 Na5 24. Qc2 Nc4 25. b3 Nxd2 26. Qxd2 Qh6 27. g3 Nf6 28.
Qd3 Ng4 29. Qd2 f4 30. exf4 gxf4 31. Nf3 fxg3 32. h4 Nh2 33. Qxh6# 1-0

[Event "Challenge 4"]
[Site "http://www.queenalice.com/game.php?id=1345817"]
[Date "2015.3.5"]
[Round "-"]
[White "Consultti"]
[Black "NOUtritobellet"]
[Result "1-0"]
[WhiteElo "1667"]
[BlackElo "1809"]

1. d4 d5 2. Nc3 Nf6 3. f3 e6 4. e3 Nc6 5. Bb5 Bd7 6. Nge2 Bb4 7. a3 Ba5 8. e4
O-O 9. Bg5 h6 10. Bh4 Nb8 11. Bd3 c6 12. e5 Qb6 13. b4 Nh5 14. Na4 Qc7 15. bxa5
Qxa5+ 16. Nec3 c5 17. Nxc5 Qxc3+ 18. Kf1 Nf4 19. Rc1 Nxd3 20. Nxd3 Qxd4 21. f4
Nc6 22. Qg4 Qe4 23. Bf6 Qg6 24. Qh4 gxf6 25. exf6 Kh7 26. g4 Nd4 27. Ne5 Qe4 28.
Kg1 Nf3+ 29. Nxf3 Qxf3 30. g5 h5 31. Rf1 Qg4+ 32. Qg3 Qxg3+ 33. hxg3 Kg6 34. g4
hxg4 35. Re1 Kf5 36. Rh4 Kxf4 37. Rh5 e5 38. Rf1+ Ke4 39. Re1+ Kd4 40. Rd1+ 1-0

[Event "Challenge 5"]
[Site "http://www.queenalice.com/game.php?id=1346140"]
[Date "2015.3.8"]
[Round "-"]
[White "NOUtritobellet"]
[Black "Consultti"]
[Result "1-0"]
[WhiteElo "1863"]
[BlackElo "1643"]

1. d4 d5 2. Nf3 Nc6 3. e3 Bg4 4. Be2 Nf6 5. Nc3 Ne4 6. Bd2 Nxf2 7. Kxf2 Qd6 8.
Nb5 Qd7 9. Ne5 Qf5+ 10. Nf3 O-O-O 11. Rf1 e5 12. Kg1 Qg6 13. Nh4 Qe4 14. Bf3
Bxf3 15. Nxf3 exd4 16. Nbxd4 Nxd4 17. Nxd4 Bd6 18. Nf5 Bc5 19. Qf3 Qxc2 20. Bc3
Rhe8 21. Rac1 Bxe3+ 22. Nxe3 Qd3 23. Ng4 Qg6 24. Qxf7 Qxg4 25. Bxg7 Re2 26.
Qxc7# 1-0

[Event "Challenge 6"]
[Site "http://www.queenalice.com/game.php?id=1346305"]
[Date "2015.3.8"]
[Round "-"]
[White "Consultti"]
[Black "NOUtritobellet"]
[Result "1-0"]
[WhiteElo "1689"]
[BlackElo "1787"]

1. d4 d5 2. Nc3 Nf6 3. Bf4 e6 4. Nf3 Nc6 5. e3 Bd6 6. Bg5 Be7 7. Ne5 O-O 8. Qf3
Nxe5 9. Qg3 Ng6 10. Bd3 Ne8 11. Bxe7 Qxe7 12. h4 f5 13. h5 Nh8 14. h6 c6 15. Rh5
g6 16. Rg5 Nf7 17. Rxg6+ Kh8 18. Rg7 Ned6 19. f3 Bd7 20. e4 Rg8 21. exf5 Qf6 22.
fxe6 Qxe6+ 23. Kd2 Qxh6+ 24. Ke2 Qxg7 25. Qh4 Qxg2+ 26. Ke3 Qg5+ 27. Qxg5 Rxg5
28. Rh1 h6 29. f4 Rg3+ 30. Kf2 Rag8 31. Ne2 Rg2+ 32. Kf3 R2g7 33. Nc3 Rg3+ 34.
Kf2 Nc4 35. Ne2 1-0

[Event "Challenge 3"]
[Site "http://www.queenalice.com/game.php?id=1348196"]
[Date "2015.3.18"]
[Round "-"]
[White "NOUtritobellet"]
[Black "adelio"]
[Result "0-1"]
[WhiteElo "1709"]
[BlackElo "1710"]

1. d4 d5 2. Nf3 e6 3. Nc3 Be7 4. e3 Nf6 5. Bd3 Ng4 6. h3 Nxf2 7. Kxf2 a6 8. Rf1
Nc6 9. Kg1 h5 10. Ne5 Nxe5 11. dxe5 Bh4 12. Qf3 f6 13. Bg6+ Kd7 14. exf6 gxf6
15. Bd3 c6 16. Bd2 b5 0-1

[Event "Challenge 2"]
[Site "http://www.queenalice.com/game.php?id=1349130"]
[Date "2015.3.22"]
[Round "-"]
[White "JORAM2205"]
[Black "NOUtritobellet"]
[Result "1-0"]
[WhiteElo "1746"]
[BlackElo "1877"]

1. e4 e5 2. Nf3 Nc6 3. Bc4 Bc5 4. Qe2 Nf6 5. Ng5 O-O 6. d3 Nd4 7. Qd2 c6 8. Nxf7
Rxf7 9. Bxf7+ Kxf7 10. Nc3 d6 11. b3 a5 12. Qd1 Bg4 13. Ne2 Bxe2 14. Qd2 Qb6 15.
c3 Bf3 16. Rg1 Bxg2 17. Qd1 Nf3+ 18. Ke2 Nxg1+ 19. Qxg1 Bh3 20. Qg3 Be6 21. h4
Rf8 22. Bd2 1-0

[Event "Challenge 4"]
[Site "http://www.queenalice.com/game.php?id=1350127"]
[Date "2015.3.26"]
[Round "-"]
[White "pedroingles"]
[Black "NOUtritobellet"]
[Result "1-0"]
[WhiteElo "1864"]
[BlackElo "1730"]

1. d4 d5 2. c4 e6 3. Nf3 Nf6 4. e3 Be7 5. Nc3 O-O 6. Be2 c6 7. O-O Ne4 8. Bd2 f5
9. a3 Nd7 10. cxd5 exd5 11. h3 1-0

[Event "Challenge 7"]
[Site "http://www.queenalice.com/game.php?id=1350683"]
[Date "2015.3.30"]
[Round "-"]
[White "Consultti"]
[Black "NOUtritobellet"]
[Result "1-0"]
[WhiteElo "1643"]
[BlackElo "1833"]

1. e4 e5 2. Nf3 Nc6 3. Bc4 Bc5 4. Ng5 Qxg5 5. Qf3 Nf6 6. Nc3 Nd4 7. Qd3 Qxg2 8.
Rf1 Nf3+ 9. Ke2 Nxh2 10. Re1 Qxf2+ 11. Kd1 Nf3 12. Qe2 1-0